<?xml version="1.0" encoding="UTF-8"?>
<record
    xmlns:xsi="http://www.w3.org/2001/XMLSchema-instance"
    xsi:schemaLocation="http://www.loc.gov/MARC21/slim http://www.loc.gov/standards/marcxml/schema/MARC21slim.xsd"
    xmlns="http://www.loc.gov/MARC21/slim">

  <leader>01572nam a2200313 a 4500</leader>
  <controlfield tag="001">1202352</controlfield>
  <controlfield tag="003">OSt</controlfield>
  <controlfield tag="005">20200811095738.0</controlfield>
  <controlfield tag="008">090107s2008    ck     gr     0001fdspa d</controlfield>
  <datafield tag="015" ind1=" " ind2=" ">
    <subfield code="a">ck-2008-xxxx</subfield>
  </datafield>
  <datafield tag="020" ind1=" " ind2=" ">
    <subfield code="a">9789587048018</subfield>
  </datafield>
  <datafield tag="040" ind1=" " ind2=" ">
    <subfield code="a">CO-BoBLA </subfield>
    <subfield code="b">spa </subfield>
    <subfield code="c">CO-BoBLA</subfield>
  </datafield>
  <datafield tag="041" ind1="1" ind2=" ">
    <subfield code="a">spa </subfield>
    <subfield code="h">por</subfield>
  </datafield>
  <datafield tag="043" ind1=" " ind2=" ">
    <subfield code="a">e-po---</subfield>
  </datafield>
  <datafield tag="082" ind1="0" ind2="4">
    <subfield code="a">869.3 </subfield>
    <subfield code="b">S17v </subfield>
  </datafield>
  <datafield tag="100" ind1="1" ind2=" ">
    <subfield code="a">Saramago, Jos&#xFFFD;, </subfield>
    <subfield code="d">1922-2010</subfield>
  </datafield>
  <datafield tag="245" ind1="1" ind2="0">
    <subfield code="a">El viaje del elefante / </subfield>
    <subfield code="c">Jos&#xFFFD; Saramago ; traducci&#xFFFD;n de Pilar del R&#xFFFD;o.</subfield>
  </datafield>
  <datafield tag="260" ind1="3" ind2=" ">
    <subfield code="a">Bogot&#xFFFD; : </subfield>
    <subfield code="b">Alfaguara, </subfield>
    <subfield code="c">2008.</subfield>
  </datafield>
  <datafield tag="300" ind1=" " ind2=" ">
    <subfield code="a">270 p. ; </subfield>
    <subfield code="c">21 cm.</subfield>
  </datafield>
  <datafield tag="500" ind1=" " ind2=" ">
    <subfield code="a">Contiene biograf&#xED;a</subfield>
  </datafield>
  <datafield tag="520" ind1="3" ind2=" ">
    <subfield code="a">A mediados del siglo XVI el rey Juan III ofrece a su primo, el archiduque Maximiliano de Austria, un elefante asi&#xFFFD;tico. Esta novela cuenta el viaje &#xFFFD;pico de ese elefante llamado Salom&#xFFFD;n que tuvo que recorrer Europa por caprichos reales y absurdas estrategias.  El viaje del elefante no es un libro hist&#xFFFD;rico, es una combinaci&#xFFFD;n de hechos reales e inventados que nos hace sentir la realidad y la ficci&#xFFFD;n como una unidad indisoluble, como algo propio de la gran literatura. Una reflexi&#xFFFD;n sobre la humanidad en la que el humor y la iron&#xFFFD;a, marcas de la implacable lucidez del autor, se unen a la compasi&#xFFFD;n con la que Jos&#xFFFD; Saramago observa las flaquezas humanas.</subfield>
  </datafield>
  <datafield tag="534" ind1=" " ind2=" ">
    <subfield code="p">T&#xFFFD;tulo original : </subfield>
    <subfield code="t">A viagem do elefante.</subfield>
  </datafield>
  <datafield tag="650" ind1=" " ind2=" ">
    <subfield code="a">Novela portuguesa.</subfield>
  </datafield>
  <datafield tag="650" ind1=" " ind2=" ">
    <subfield code="a">Elefantes</subfield>
    <subfield code="v"> Novela.</subfield>
  </datafield>
  <datafield tag="650" ind1=" " ind2=" ">
    <subfield code="a">Reyes y soberanos</subfield>
    <subfield code="v"> Novela.</subfield>
  </datafield>
  <datafield tag="700" ind1="1" ind2=" ">
    <subfield code="a">R&#xFFFD;o, Pilar del, </subfield>
    <subfield code="e">tr.</subfield>
  </datafield>
  <datafield tag="942" ind1=" " ind2=" ">
    <subfield code="2">ddc</subfield>
    <subfield code="c">BK</subfield>
  </datafield>
  <datafield tag="949" ind1=" " ind2=" ">
    <subfield code="a">n      </subfield>
    <subfield code="b">n</subfield>
  </datafield>
  <datafield tag="999" ind1=" " ind2=" ">
    <subfield code="c">12409</subfield>
    <subfield code="d">12409</subfield>
  </datafield>
  <datafield tag="952" ind1=" " ind2=" ">
    <subfield code="0">0</subfield>
    <subfield code="1">0</subfield>
    <subfield code="2">ddc</subfield>
    <subfield code="4">0</subfield>
    <subfield code="7">0</subfield>
    <subfield code="8">LA</subfield>
    <subfield code="a">BPMOS</subfield>
    <subfield code="b">BPMOS</subfield>
    <subfield code="d">2020-08-11</subfield>
    <subfield code="i">NA</subfield>
    <subfield code="l">12</subfield>
    <subfield code="m">7</subfield>
    <subfield code="o">AN  SARAjc </subfield>
    <subfield code="p">MOS500008</subfield>
    <subfield code="r">2026-01-28</subfield>
    <subfield code="s">2025-11-15</subfield>
    <subfield code="t">Ej 1</subfield>
    <subfield code="w">2020-08-11</subfield>
    <subfield code="y">BKLIT</subfield>
    <subfield code="z">Quince dias</subfield>
  </datafield>
</record>
